<?xml version="1.0" encoding="UTF-8"?>
<record
    xmlns:xsi="http://www.w3.org/2001/XMLSchema-instance"
    xsi:schemaLocation="http://www.loc.gov/MARC21/slim http://www.loc.gov/standards/marcxml/schema/MARC21slim.xsd"
    xmlns="http://www.loc.gov/MARC21/slim">

  <leader>01325    a2200289   4500</leader>
  <controlfield tag="005">20080919124950.0</controlfield>
  <controlfield tag="008">080919t        xxu||||| |||| 00| 0 kan d</controlfield>
  <datafield tag="010" ind1=" " ind2=" ">
    <subfield code="a">KAN-7577</subfield>
  </datafield>
  <datafield tag="020" ind1=" " ind2=" ">
    <subfield code="a">9788173029561</subfield>
    <subfield code="c">40.00</subfield>
  </datafield>
  <datafield tag="035" ind1=" " ind2=" ">
    <subfield code="a">KN-5017</subfield>
  </datafield>
  <datafield tag="037" ind1=" " ind2=" ">
    <subfield code="b">D.B.Act / pub</subfield>
  </datafield>
  <datafield tag="082" ind1=" " ind2=" ">
    <subfield code="a">658.4</subfield>
  </datafield>
  <datafield tag="100" ind1=" " ind2=" ">
    <subfield code="a">&#xCB6;&#xCCD;&#xCB0;&#xCBF;&#xCA7;&#xCB0;, &#xC85;.</subfield>
  </datafield>
  <datafield tag="245" ind1=" " ind2=" ">
    <subfield code="a">&#xCAE;&#xCC1;&#xC82;&#xCA6;&#xCBE;&#xCB3;&#xCCD;&#xCA4;&#xCA8;&#xCA6; &#xCB2;&#xC95;&#xCCD;&#xCB7;&#xCA3;&#xC97;&#xCB3;&#xCA8;&#xCCD;&#xCA8;&#xCC1; &#xCAC;&#xCC6;&#xCB3;&#xCBF;&#xCB8;&#xCBF;&#xC95;&#xCCB;&#xCB3;&#xCCD;&#xCB3;&#xCC1;&#xCB5;&#xCC1;&#xCA6;&#xCC1; &#xCB9;&#xCC7;&#xC97;&#xCC6;</subfield>
    <subfield code="c">by &#xC85;. &#xCB6;&#xCCD;&#xCB0;&#xCBF;&#xCA7;&#xCB0;.</subfield>
  </datafield>
  <datafield tag="246" ind1=" " ind2=" ">
    <subfield code="a">Mundaltanadd lakshanagalu belesikolluvadu hege ?</subfield>
    <subfield code="b">by A. Sridhara</subfield>
  </datafield>
  <datafield tag="250" ind1=" " ind2=" ">
    <subfield code="a">1st ed</subfield>
  </datafield>
  <datafield tag="260" ind1=" " ind2=" ">
    <subfield code="a">&#xCAC;&#xCC6;&#xC82;&#xC97;&#xCB3;&#xCC2;&#xCB0;&#xCC1;</subfield>
    <subfield code="b">&#xCA8;&#xCB5;&#xC95;&#xCB0;&#xCCD;&#xCA8;&#xCBE;&#xC9F;&#xC95; &#xCAA;&#xCAC;&#xCCD;&#xCB2;&#xCBF;&#xC95;&#xCC7;&#xCB7;&#xCA8;&#xCCD;&#xCB8;&#xCCD;</subfield>
    <subfield code="c">2007</subfield>
  </datafield>
  <datafield tag="270" ind1=" " ind2=" ">
    <subfield code="a">Embassy center cresent road</subfield>
    <subfield code="b">Bangalore</subfield>
    <subfield code="c">Karnatak</subfield>
    <subfield code="e">560 001</subfield>
    <subfield code="k">22203580</subfield>
    <subfield code="m">navakarnataka@vsnl.com</subfield>
  </datafield>
  <datafield tag="300" ind1=" " ind2=" ">
    <subfield code="a">108p</subfield>
    <subfield code="c">22cm (pbk)</subfield>
  </datafield>
  <datafield tag="490" ind1=" " ind2=" ">
    <subfield code="a">&#xCB5;&#xCCD;&#xCAF;&#xC95;&#xCCD;&#xCA4;&#xCBF; &#xCB5;&#xCBF;&#xC95;&#xCB8;&#xCA8; &#xCAE;&#xCBE;&#xCB2;&#xCC6;</subfield>
  </datafield>
  <datafield tag="500" ind1=" " ind2=" ">
    <subfield code="a">How to cultivate leadership quality-  a book  in kannada</subfield>
  </datafield>
  <datafield tag="650" ind1=" " ind2=" ">
    <subfield code="a">Personality  development</subfield>
  </datafield>
  <datafield tag="650" ind1=" " ind2=" ">
    <subfield code="a">Leadership</subfield>
  </datafield>
  <datafield tag="650" ind1=" " ind2=" ">
    <subfield code="a">&#xCAE;&#xCC1;&#xC82;&#xCA6;&#xCBE;&#xCB3;&#xCC1;&#xCA4;&#xCA8;</subfield>
  </datafield>
  <datafield tag="942" ind1=" " ind2=" ">
    <subfield code="c">KN</subfield>
    <subfield code="k">658.4 / SRI</subfield>
    <subfield code="a">dpl</subfield>
    <subfield code="2">ddc</subfield>
    <subfield code="h">658.4</subfield>
    <subfield code="m">SRI</subfield>
  </datafield>
  <datafield tag="999" ind1=" " ind2=" ">
    <subfield code="c">686</subfield>
    <subfield code="d">686</subfield>
  </datafield>
  <datafield tag="952" ind1=" " ind2=" ">
    <subfield code="0">0</subfield>
    <subfield code="1">0</subfield>
    <subfield code="2">ddc</subfield>
    <subfield code="4">0</subfield>
    <subfield code="7">1</subfield>
    <subfield code="a">DBAD</subfield>
    <subfield code="b">DBAD</subfield>
    <subfield code="d">2008-09-19</subfield>
    <subfield code="g">40.00</subfield>
    <subfield code="l">0</subfield>
    <subfield code="o">658.4 SRI</subfield>
    <subfield code="p">KN-5017</subfield>
    <subfield code="r">2008-09-15 00:00:00</subfield>
    <subfield code="t">1</subfield>
    <subfield code="u">662</subfield>
    <subfield code="v">40.00</subfield>
    <subfield code="w">2008-09-15</subfield>
    <subfield code="y">KN</subfield>
  </datafield>
</record>
